000 01312nam a2200325 i 4500
003 EG-GICUC
005 20260121101639.0
008 260103s1989 ua ||||fr|||| 000 0 ara d
017 _a1989/9331
040 _a EG-GICUC
_bara
_c EG-GICUC
_d EG-GICUC
_erda
041 _aara
082 0 4 _221
_a345.31044
_bم ح . ط
092 0 4 _221
099 _aLaw1 07 345.31044 م ح . ط 1989
100 0 _aمحمد محمد بدران
_eمؤلف.
245 1 2 _aالطبيعة الخاصة للضبط الإداري والآثار القانونية المترتبة عليها :
_bدراسة في القانونين المصري والفرنسي /
_cدكتور محمد محمد بدران.
264 1 _aالقاهرة :
_bدار النهضة العربية,
_c1989.
300 _a127 صفحة ؛
_c24 سم
_bإيضاحيات، صور، مثيليات ؛
336 _2rda content
_atext
337 _2rda media
_aComputer
338 _2rda carrier
_aOnline Resource
546 _aالنص باللغة العربية
650 1 4 _aالضبط الإداري
_2qrmak
650 1 4 _aأهداف الاصبط الإداري
_2qrmak
650 1 4 _aأنواع الضبط الإداري
651 1 _2qrmak
856 4 0 _uhttps://fll.law.cu.edu.eg/fulltext/bks/B07-01069.pdf
905 _a79
942 _2ddc
_cBK
_e21
_n0
999 _c54072
_d54072